Zamyslenia nad VII. Svitom

Bibliographic Details
Main Author: Lichardová, Oľga (Author)
Format: Article
Language:Slovak

MARC

LEADER 00000nab a2200000ua 4500
001 vtls010756325
003 SK-MaSNL
005 20260304201622.0
008 250718s1974 xo |||||||||||||||||slo|
035 |a (urnnbn)urn:nbn:sk:snk:ar-a00lrd 
035 |a (uuid)5c8f458f-f925-42bb-8684-a1af21b6d866 
035 |a urn:nbn:sk:snk-ab4a7s 
040 |a SNKBUCL  |b slo  |c SNKBUCL  |e AACR2 
041 0 |a slo 
044 |a xo  |c SK 
100 1 |a Lichardová, Oľga  |4 aut  |9 1120351 
245 1 0 |a Zamyslenia nad VII. Svitom  |c Oľga Lichardová 
773 0 |t Javisko  |g Roč. 6, č. 7 (1974), s. 197-199 
850 |a Slovenská národná knižnica 
852 |a Slovenská národná knižnica 
954 |a odborná, vedecká literatúra pôvodná (slovenská)  |2 lita 
958 |a article3 
958 |a OND 
958 |a EUIPO 
999 |c 3096421  |d 3098351